[Event "Toronto int."]
[Site "Toronto CAN"]
[Date "1997.05.16"]
[Round "1"]
[White "Hua, Lefong"]
[Black "Linskiy, Oleg"]
[Result "1/2-1/2"]
[WhiteElo "2275"]
[BlackElo "2415"]
[PlyCount "81"]
[GameId "2160767911965971"]
[EventDate "1997.05.16"]
[EventType "swiss"]
[EventRounds "7"]
[EventCountry "CAN"]

1. d4 Nf6 2. c4 c5 3. d5 e6 4. Nc3 exd5 5. cxd5 Bd6 6. e4 O-O 7. f4 Nxe4 8. Nxe4 Re8 9. Qe2 Bf8 10. Kf2 f5 11. Nf6+ gxf6 12. Qh5 d6 13. Nf3 Na6 14. Bd3 Nb4 15. Bxf5 Bxf5 16. Qxf5 Qe7 17. Re1 Qf7 18. Rd1 c4 19. Kg1 Re7 20. a3 Nd3 21. b3 Nxc1 22. Raxc1 cxb3 23. Rc3 b2 24. Rb3 Qe8 25. Rxb2 Bg7 26. Rc1 Qa4 27. Rc8+ Rxc8 28. Qxc8+ Re8 29. Qxb7 Qxf4 30. Qc6 Qe3+ 31. Kf1 f5 32. Rc2 Bd4 33. Qb5 Bc5 34. Re2 Qc1+ 35. Ne1 Qf4+ 36. Nf3 Re3 37. Qb8+ Kg7 38. Qb2+ Kg6 39. Qh8 Rxe2 40. Qg8+ Kf6 41. Qf8+ 1/2-1/2

[Event "Toronto int."]
[Site "Toronto CAN"]
[Date "1997.05.16"]
[Round "1"]
[White "Kiviaho, Robert"]
[Black "Ziatdinov, Raset"]
[Result "0-1"]
[WhiteElo "2331"]
[BlackElo "2485"]
[PlyCount "130"]
[GameId "2160767911965972"]
[EventDate "1997.05.16"]
[EventType "swiss"]
[EventRounds "7"]
[EventCountry "CAN"]

1. e4 e5 2. Nf3 Nc6 3. Bb5 a6 4. Ba4 Nf6 5. O-O Be7 6. Re1 b5 7. Bb3 d6 8. c3 O-O 9. h3 Na5 10. Bc2 c5 11. d4 Nd7 12. Nbd2 cxd4 13. cxd4 Nc6 14. Nf1 exd4 15. Nxd4 Nxd4 16. Qxd4 Ne5 17. Rd1 Bxh3 18. Qxe5 dxe5 19. Rxd8 Rfxd8 20. gxh3 Rac8 21. Bb3 Bc5 22. Ne3 Bd4 23. Nd5 Kf8 24. Kf1 Rc5 25. Rb1 a5 26. Ke2 f5 27. f3 f4 28. Kd3 g5 29. Bd2 b4 30. Bc4 Rd6 31. a3 Rdc6 32. Ba2 b3 33. Bxb3 Rh6 34. Rh1 Bxb2 35. a4 Rhc6 36. Rb1 Bd4 37. Ba2 Rc2 38. Rb8+ Rc8 39. Rxc8+ Rxc8 40. Bc4 h5 41. Bxa5 g4 42. fxg4 hxg4 43. hxg4 f3 44. Bc7 Kg7 45. g5 Rh8 46. Ne7 f2 47. Ke2 Rh1 48. Nf5+ Kg6 49. Kd2 Bc3+ 50. Kc2 Ra1 51. Bd8 Rxa4 52. Bd3 Ra2+ 53. Kb3 Rd2 54. Bc4 Rxd8 55. Kxc3 Kxg5 56. Ne3 Kf4 57. Nf1 Kxe4 58. Bb5 Kf4 59. Be2 e4 60. Kc2 Ra8 61. Kc3 Ra2 62. Bc4 e3 63. Kb3 Ra1 64. Kb2 Re1 65. Kc2 e2 0-1

[Event "Toronto int."]
[Site "Toronto CAN"]
[Date "1997.05.16"]
[Round "1"]
[White "Kudrin, Sergey"]
[Black "Ochkoos, Jura"]
[Result "1-0"]
[WhiteElo "2515"]
[BlackElo "2360"]
[PlyCount "26"]
[GameId "2160767911965973"]
[EventDate "1997.05.16"]
[EventType "swiss"]
[EventRounds "7"]
[EventCountry "CAN"]

1. e4 e5 2. Nf3 Nc6 3. Bb5 f5 4. Nc3 Nf6 5. exf5 e4 6. Nh4 Nd4 7. d3 Bb4 8. Ba4 exd3 9. Qxd3 c5 10. O-O O-O 11. Bg5 d5 12. Nxd5 Qxd5 13. Bxf6 Qd6 1-0

[Event "Toronto int."]
[Site "Toronto CAN"]
[Date "1997.05.16"]
[Round "1"]
[White "Livshits, Ron"]
[Black "Filipovich, David"]
[Result "1/2-1/2"]
[WhiteElo "2485"]
[BlackElo "2332"]
[PlyCount "60"]
[GameId "2160767911965974"]
[EventDate "1997.05.16"]
[EventType "swiss"]
[EventRounds "7"]
[EventCountry "CAN"]

1. d4 d5 2. c4 c6 3. Nf3 Nf6 4. Nc3 dxc4 5. a4 Na6 6. e4 Bg4 7. Bxc4 e6 8. Be3 Nb4 9. Qd2 Bxf3 10. gxf3 Be7 11. Rg1 g6 12. Ke2 O-O 13. Na2 a5 14. Nxb4 axb4 15. Bb3 Qc7 16. Bf4 Qb6 17. Be5 Rfd8 18. Qf4 Nd7 19. Bc7 Qxd4 20. Bxd8 Rxd8 21. Qd2 Qxd2+ 22. Kxd2 Nc5+ 23. Kc2 Rd3 24. Bc4 b3+ 25. Kb1 Rxf3 26. Rg3 Rxf2 27. Bxb3 Bf6 28. Bc2 Rxh2 29. Raa3 h5 30. Rg1 h4 1/2-1/2

[Event "Toronto int."]
[Site "Toronto CAN"]
[Date "1997.05.16"]
[Round "1"]
[White "Mihaljevic, Josip"]
[Black "Apostolov, Penka"]
[Result "1-0"]
[WhiteElo "2370"]
[BlackElo "2070"]
[PlyCount "67"]
[GameId "2160767911965975"]
[EventDate "1997.05.16"]
[EventType "swiss"]
[EventRounds "7"]
[EventCountry "CAN"]

1. d4 c5 2. d5 Nf6 3. c4 b5 4. a4 bxc4 5. Nc3 d6 6. e4 g6 7. Bxc4 Bg7 8. Nf3 O-O 9. O-O Na6 10. Re1 Nc7 11. h3 Rb8 12. Qd3 Nd7 13. Nb5 Nxb5 14. axb5 Qc7 15. Ra2 Nb6 16. b3 Ra8 17. Bd2 Qb7 18. Bc3 Bd7 19. Bxg7 Kxg7 20. Rea1 Kg8 21. Ra6 Qc7 22. Qc3 Rfb8 23. e5 Nc8 24. e6 fxe6 25. dxe6 Bxb5 26. Ng5 d5 27. Bxb5 Rxb5 28. Qf3 Nd6 29. Rxd6 exd6 30. e7 Qxe7 31. Qxd5+ Kg7 32. Qxa8 Qxg5 33. Rxa7+ Kh6 34. Qf8+ 1-0

[Event "Toronto int."]
[Site "Toronto CAN"]
[Date "1997.05.16"]
[Round "1"]
[White "Spraggett, Grant"]
[Black "Krupka, David"]
[Result "0-1"]
[WhiteElo "2432"]
[BlackElo "2300"]
[PlyCount "112"]
[GameId "2160767911965976"]
[EventDate "1997.05.16"]
[EventType "swiss"]
[EventRounds "7"]
[EventCountry "CAN"]

1. c4 e6 2. Nf3 d5 3. b3 Nf6 4. Bb2 Be7 5. g3 O-O 6. Bg2 c5 7. O-O Nc6 8. e3 dxc4 9. bxc4 Qb6 10. Qb3 Na5 11. Qxb6 axb6 12. Na3 Rd8 13. Rfd1 Bd7 14. d3 Ba4 15. Rd2 Ne8 16. Ne1 Rd7 17. Bc3 Nd6 18. Rb2 Bd8 19. Rc1 Bc6 20. Bf1 Ba4 21. Nf3 f6 22. Nd2 e5 23. Bh3 Re7 24. d4 exd4 25. exd4 Nc6 26. d5 Ne5 27. Be6+ Rxe6 28. dxe6 Nd3 29. Rcb1 Nxb2 30. Bxb2 Bc6 31. Re1 Be7 32. Re3 b5 33. cxb5 Nxb5 34. Nxb5 Bxb5 35. Ba3 Rd8 36. Ne4 Bc6 37. Kf1 b6 38. Ke2 Rd4 39. Nc3 b5 40. Bb2 Rd8 41. a3 b4 42. Nb1 Rd6 43. f4 Bd5 44. f5 Bc4+ 45. Kf3 Bd3 46. Nd2 Bxf5 47. Nc4 Rxe6 48. Kf4 Rxe3 49. Kxe3 Be6 50. Kd3 bxa3 51. Bxa3 Kf7 52. Bc1 Bxc4+ 53. Kxc4 Ke6 54. Bf4 g5 55. Bc7 h6 56. Ba5 Ke5 0-1

[Event "Toronto int."]
[Site "Toronto CAN"]
[Date "1997.05.16"]
[Round "1"]
[White "Teodoro, Eduardo"]
[Black "Jung, Hans"]
[Result "1-0"]
[WhiteElo "2440"]
[BlackElo "2303"]
[PlyCount "70"]
[GameId "2160767911965977"]
[EventDate "1997.05.16"]
[EventType "swiss"]
[EventRounds "7"]
[EventCountry "CAN"]

1. e4 d5 2. exd5 Qxd5 3. Nc3 Qa5 4. d4 Nf6 5. Bc4 c6 6. Nf3 Bf5 7. O-O e6 8. Nh4 Bg4 9. f3 Bh5 10. g4 g5 11. Ne4 Nbd7 12. Nxg5 Rg8 13. gxh5 h6 14. f4 O-O-O 15. Kh1 hxg5 16. fxg5 Ne4 17. g6 fxg6 18. Bxe6 Bd6 19. Qg4 Nf2+ 20. Rxf2 Qe1+ 21. Kg2 gxh5 22. Bg5 Qxa1 23. Qxh5 Qe1 24. Bxg8 Rxg8 25. Nf5 Qe4+ 26. Kf1 Qh1+ 27. Ke2 Bb4 28. c3 Rf8 29. cxb4 Qe4+ 30. Ne3 Rxf2+ 31. Kxf2 Qxd4 32. Qg4 Qxb2+ 33. Kg3 Qxa2 34. Kf4 Qb3 35. h4 b6 1-0

[Event "Toronto int."]
[Site "Toronto CAN"]
[Date "1997.05.16"]
[Round "1"]
[White "Thiele, Frank"]
[Black "Milicevic, Goran"]
[Result "0-1"]
[WhiteElo "2076"]
[BlackElo "2380"]
[PlyCount "72"]
[GameId "2160767911965978"]
[EventDate "1997.05.16"]
[EventType "swiss"]
[EventRounds "7"]
[EventCountry "CAN"]

1. Nf3 Nf6 2. g3 d5 3. Bg2 Bg4 4. d3 Nc6 5. Nbd2 e5 6. c3 Bc5 7. b4 Bd6 8. b5 Ne7 9. Qb3 O-O 10. O-O Qd7 11. Re1 a6 12. bxa6 Rxa6 13. e4 dxe4 14. Nxe4 Nxe4 15. Rxe4 Be6 16. c4 Nc6 17. Bd2 Bf5 18. Nh4 Ra3 19. Qb1 Bxe4 20. Bxe4 f5 21. Bd5+ Kh8 22. Qxb7 Nd8 23. Qb1 c6 24. Bg2 Bc5 25. Bb4 Qd4 26. Bxa3 Qxf2+ 27. Kh1 Bxa3 28. Qf1 Qd4 29. Nf3 Qd6 30. Rd1 Nf7 31. Nd2 Nh6 32. Nb3 Ng4 33. Qf3 e4 34. dxe4 Qxd1+ 35. Qxd1 Nf2+ 36. Kg1 Nxd1 0-1

[Event "Toronto int."]
[Site "Toronto CAN"]
[Date "1997.05.16"]
[Round "1"]
[White "Tipu, Vincent"]
[Black "Gurevich, Dmitry"]
[Result "1/2-1/2"]
[WhiteElo "2367"]
[BlackElo "2580"]
[PlyCount "134"]
[GameId "2160767911965979"]
[EventDate "1997.05.16"]
[EventType "swiss"]
[EventRounds "7"]
[EventCountry "CAN"]

1. e4 c5 2. Nf3 d6 3. d4 cxd4 4. Nxd4 Nf6 5. Nc3 Nc6 6. Bc4 e6 7. Be3 a6 8. Bb3 Qc7 9. f4 b5 10. Nxc6 Qxc6 11. Qf3 Be7 12. O-O-O O-O 13. e5 Qxf3 14. gxf3 dxe5 15. fxe5 Nd7 16. f4 Nc5 17. Bxc5 Bxc5 18. Rhe1 Bb7 19. Ne4 Bxe4 20. Rxe4 Rfd8 21. Re2 Kf8 22. c3 Ke7 23. Bc2 g6 24. Be4 Rab8 25. Kc2 a5 26. Rd3 Rxd3 27. Bxd3 b4 28. Re4 Kd7 29. cxb4 axb4 30. Kd2 Kc6 31. Rc4 Kb6 32. Be4 Rd8+ 33. Ke2 Rd7 34. Bc2 Ra7 35. Bb3 h6 36. Rc2 Ra5 37. Rd2 Kc7 38. Kf3 Be7 39. Ke4 Ra6 40. Bc4 Ra5 41. Bb3 Bf8 42. Rd4 Ra8 43. Rd3 Bc5 44. Rd2 h5 45. Rc2 Kc6 46. Rd2 h4 47. Kf3 Be7 48. Ke4 Ra7 49. Rd4 Kb5 50. Bc4+ Kb6 51. Bb3 Rc7 52. Ba4 h3 53. Kf3 g5 54. fxg5 Rc1 55. Rg4 Kc5 56. Kg3 Re1 57. Be8 Rxe5 58. Bxf7 Bxg5 59. Bxe6 Bf6 60. Bc4 Re3+ 61. Kf4 Re1 62. b3 Be5+ 63. Kf3 Rh1 64. Rh4 Rxh2 65. Be6 Rxa2 66. Rxh3 Rc2 67. Ke4 Bd6 1/2-1/2

[Event "Toronto int."]
[Site "Toronto CAN"]
[Date "1997.05.17"]
[Round "2"]
[White "Apostolov, Penka"]
[Black "Vranesic, Zvonko"]
[Result "0-1"]
[WhiteElo "2070"]
[BlackElo "2348"]
[PlyCount "80"]
[GameId "2160767911965981"]
[EventDate "1997.05.16"]
[EventType "swiss"]
[EventRounds "7"]
[EventCountry "CAN"]

1. d4 Nf6 2. Nf3 e6 3. c4 c5 4. Nc3 cxd4 5. Nxd4 a6 6. e3 Be7 7. Be2 Qc7 8. O-O O-O 9. a3 b6 10. Bf3 Bb7 11. Bxb7 Qxb7 12. Qe2 Nc6 13. Rd1 Rfc8 14. b3 d5 15. Na4 dxc4 16. bxc4 Ne5 17. c5 bxc5 18. Nf3 Nxf3+ 19. gxf3 Qb3 20. Nb2 c4 21. e4 c3 22. Nd3 c2 23. Re1 a5 24. Qf1 Rd8 25. Re3 Rab8 26. Nb2 Qb7 27. Rc3 Rbc8 28. Rxc8 Qxc8 29. Qe2 Qc3 30. Qe3 Rd1+ 31. Kg2 Qxe3 32. fxe3 Nd7 33. Kf2 Nc5 34. Ke2 Nb3 35. Nxd1 cxd1=Q+ 36. Kxd1 Nxa1 37. Bb2 Nb3 38. Kc2 a4 39. Kd3 Kf8 40. Kc4 Nd2+ 0-1

[Event "Toronto int."]
[Site "Toronto CAN"]
[Date "1997.05.17"]
[Round "2"]
[White "Campbell, Brett"]
[Black "Perovic, Bozidar"]
[Result "1-0"]
[WhiteElo "2325"]
[BlackElo "1935"]
[PlyCount "71"]
[GameId "2160767911965982"]
[EventDate "1997.05.16"]
[EventType "swiss"]
[EventRounds "7"]
[EventCountry "CAN"]

1. Nf3 d5 2. g3 Nf6 3. Bg2 c6 4. O-O h6 5. d3 Bf5 6. Nbd2 e6 7. Qe1 Bc5 8. e4 dxe4 9. Nxe4 Nxe4 10. dxe4 Bh7 11. Qc3 Be7 12. Qxg7 Bf6 13. Qg4 e5 14. Ne1 h5 15. Qe2 h4 16. Nd3 Nd7 17. Be3 Rg8 18. Nc5 Qe7 19. Nxd7 Kxd7 20. Rad1+ Kc7 21. Bh3 Rgd8 22. Qf3 b6 23. Bf5 Bxf5 24. Qxf5 Rxd1 25. Rxd1 Rg8 26. Kg2 Rh8 27. h3 Rg8 28. g4 Rg6 29. f4 Rg8 30. c3 Rd8 31. Rxd8 Kxd8 32. fxe5 Qxe5 33. Qxe5 Bxe5 34. Bg5+ f6 35. Bxh4 Ke7 36. Bg3 1-0

[Event "Toronto int."]
[Site "Toronto CAN"]
[Date "1997.05.17"]
[Round "2"]
[White "Djerkovic, Miladin"]
[Black "Thiele, Frank"]
[Result "1-0"]
[WhiteElo "2388"]
[BlackElo "2076"]
[PlyCount "75"]
[GameId "2160767911965984"]
[EventDate "1997.05.16"]
[EventType "swiss"]
[EventRounds "7"]
[EventCountry "CAN"]

1. e4 c5 2. Nf3 Nc6 3. d4 cxd4 4. Nxd4 Nf6 5. Nc3 e5 6. Ndb5 d6 7. Bg5 a6 8. Na3 b5 9. Bxf6 gxf6 10. Nd5 f5 11. c3 Bg7 12. exf5 Bxf5 13. Nc2 O-O 14. Nce3 Be6 15. g3 Rb8 16. Bg2 f5 17. O-O Qd7 18. f4 b4 19. Qa4 a5 20. Qxc6 Qxc6 21. Ne7+ Kh8 22. Nxc6 bxc3 23. bxc3 Rb2 24. fxe5 dxe5 25. Nxa5 f4 26. Nd1 Rxg2+ 27. Kxg2 f3+ 28. Kf2 e4 29. Nc6 Rc8 30. Nb4 Rd8 31. Ke3 Bf5 32. Kf4 Bg6 33. g4 Rf8+ 34. Kg3 Be5+ 35. Kf2 Rd8 36. Kg1 Rd2 37. Rf2 Rd8 38. Nc6 1-0

[Event "Toronto int."]
[Site "Toronto CAN"]
[Date "1997.05.17"]
[Round "2"]
[White "Findlay, Ian"]
[Black "Ciaffone, Robert"]
[Result "1/2-1/2"]
[WhiteElo "2435"]
[BlackElo "2305"]
[PlyCount "82"]
[GameId "2160767911965985"]
[EventDate "1997.05.16"]
[EventType "swiss"]
[EventRounds "7"]
[EventCountry "CAN"]

1. e4 c5 2. Nf3 d6 3. d4 cxd4 4. Nxd4 Nc6 5. Nc3 e6 6. Be2 Nf6 7. Be3 Be7 8. O-O a6 9. f4 Qc7 10. a4 O-O 11. Kh1 Re8 12. Bf3 Rb8 13. g4 Bf8 14. g5 Nd7 15. Bg2 Na5 16. Qe1 Nc4 17. Bc1 g6 18. Qf2 Bg7 19. f5 Nde5 20. f6 Bf8 21. b3 Na5 22. Bb2 Nac6 23. Nde2 d5 24. exd5 Ng4 25. Qf4 Qxf4 26. Nxf4 exd5 27. Ncxd5 Bf5 28. c4 Bc5 29. h3 Nf2+ 30. Kh2 Ne4 31. Bxe4 Rxe4 32. Rae1 Rbe8 33. Bc3 Rxe1 34. Rxe1 Rxe1 35. Bxe1 Bc2 36. b4 Bd6 37. c5 Bb8 38. Bg3 Bxa4 39. Ne7+ Kf8 40. Nxc6 Bxf4 41. Bxf4 Bxc6 1/2-1/2

[Event "Toronto int."]
[Site "Toronto CAN"]
[Date "1997.05.17"]
[Round "2"]
[White "Gurevich, Dmitry"]
[Black "Kamberi, Sonny"]
[Result "1-0"]
[WhiteElo "2580"]
[BlackElo "2318"]
[PlyCount "93"]
[GameId "2160767911965986"]
[EventDate "1997.05.16"]
[EventType "swiss"]
[EventRounds "7"]
[EventCountry "CAN"]

1. c4 Nf6 2. Nc3 g6 3. e4 d6 4. d4 Bg7 5. h3 O-O 6. Bg5 Na6 7. Nf3 e5 8. d5 Qe8 9. Be2 Nh5 10. g3 f5 11. exf5 gxf5 12. Nh4 Nf6 13. Qc2 e4 14. Qd2 Nd7 15. Bh6 Ne5 16. Bxg7 Kxg7 17. O-O-O Nc5 18. Kb1 Qe7 19. Qd4 Qf6 20. Ng2 Ned3 21. Qxf6+ Rxf6 22. Rhf1 Bd7 23. f3 exf3 24. Rxf3 Ne5 25. Re3 a5 26. Nf4 Kg8 27. b3 Ng6 28. Nh5 Rf7 29. Rf1 Raf8 30. Nf4 Nxf4 31. Rxf4 Ne4 32. Kc2 Rg7 33. Nxe4 fxe4 34. Rxf8+ Kxf8 35. g4 Be8 36. Kd2 Re7 37. Rg3 h6 38. Ke3 Bg6 39. Rg1 Re5 40. a3 Ke7 41. h4 c6 42. dxc6 bxc6 43. b4 axb4 44. axb4 d5 45. Ra1 dxc4 46. Bxc4 h5 47. Kf4 1-0

[Event "Toronto int."]
[Site "Toronto CAN"]
[Date "1997.05.17"]
[Round "2"]
[White "Hum, Peter"]
[Black "Tipu, Vincent"]
[Result "0-1"]
[WhiteElo "2237"]
[BlackElo "2367"]
[PlyCount "68"]
[GameId "2160767911965987"]
[EventDate "1997.05.16"]
[EventType "swiss"]
[EventRounds "7"]
[EventCountry "CAN"]

1. d4 Nf6 2. c4 e6 3. Nc3 Bb4 4. e3 b6 5. Bd3 Bb7 6. Nge2 Bxg2 7. Rg1 Be4 8. a3 Bxd3 9. Qxd3 Bf8 10. e4 d6 11. Be3 Nbd7 12. O-O-O g6 13. f4 Qc8 14. Rdf1 Qa6 15. f5 O-O-O 16. fxe6 fxe6 17. Bg5 Bg7 18. Nb5 Qb7 19. Nbc3 Rde8 20. Kb1 Rhf8 21. Ng3 Kb8 22. Qe2 e5 23. d5 Nc5 24. Qc2 Qc8 25. b4 Ncd7 26. Na4 Ng4 27. h3 Bh6 28. Bxh6 Nxh6 29. c5 Qa6 30. c6 Nf6 31. Kb2 Qc8 32. Nc3 Rf7 33. Qd3 Ref8 34. Re1 Nfg8 0-1

[Event "Toronto int."]
[Site "Toronto CAN"]
[Date "1997.05.17"]
[Round "2"]
[White "Ilic, Stanimir"]
[Black "Teodoro, Eduardo"]
[Result "1/2-1/2"]
[WhiteElo "2329"]
[BlackElo "2440"]
[PlyCount "86"]
[GameId "2160767911965988"]
[EventDate "1997.05.16"]
[EventType "swiss"]
[EventRounds "7"]
[EventCountry "CAN"]

1. d4 f5 2. Nf3 Nf6 3. g3 g6 4. Bg2 Bg7 5. O-O O-O 6. b3 c5 7. Bb2 cxd4 8. Bxd4 Nc6 9. Bb2 d6 10. Ng5 e6 11. Nd2 h6 12. Nh3 g5 13. Nc4 d5 14. Ne5 Ng4 15. Nxc6 bxc6 16. Bxg7 Kxg7 17. e3 e5 18. Qd2 e4 19. Rfd1 Ne5 20. Kh1 Qf6 21. b4 Rb8 22. Rab1 Be6 23. Qd4 Rf7 24. a4 Rfb7 25. a5 Nd7 26. c3 c5 27. Qd2 Ne5 28. Bf1 h5 29. Ba6 Rc7 30. bxc5 Rh8 31. Qd4 h4 32. Nxg5 hxg3 33. Nxe6+ Qxe6 34. fxg3 Kf6 35. Rb7 Qxa6 36. Rxc7 Qe2 37. h4 Qf3+ 38. Kh2 Re8 39. Rc6+ Kg7 40. Rg1 Kh7 41. Rc7+ Kh6 42. Qxd5 Ng4+ 43. Kh3 Nf2+ 1/2-1/2

[Event "Toronto int."]
[Site "Toronto CAN"]
[Date "1997.05.17"]
[Round "2"]
[White "Linskiy, Oleg"]
[Black "Filipovich, David"]
[Result "1-0"]
[WhiteElo "2415"]
[BlackElo "2332"]
[PlyCount "39"]
[GameId "2160767911965989"]
[EventDate "1997.05.16"]
[EventType "swiss"]
[EventRounds "7"]
[EventCountry "CAN"]

1. e4 c6 2. d4 d5 3. Nd2 dxe4 4. Nxe4 Nf6 5. Nxf6+ gxf6 6. c3 Bf5 7. Nf3 Nd7 8. g3 Qc7 9. Bg2 e5 10. O-O Bd6 11. Be3 Bg4 12. Qc2 c5 13. dxe5 fxe5 14. Nh4 O-O-O 15. Nf5 Bxf5 16. Qxf5 f6 17. a4 Kb8 18. a5 Rdf8 19. Rfd1 Rd8 20. a6 1-0

[Event "Toronto int."]
[Site "Toronto CAN"]
[Date "1997.05.17"]
[Round "2"]
[White "Milicevic, Goran"]
[Black "Kudrin, Sergey"]
[Result "0-1"]
[WhiteElo "2380"]
[BlackElo "2515"]
[PlyCount "141"]
[GameId "2160767911965990"]
[EventDate "1997.05.16"]
[EventType "swiss"]
[EventRounds "7"]
[EventCountry "CAN"]

1. d4 Nf6 2. Nf3 g6 3. Bf4 Bg7 4. e3 d6 5. h3 O-O 6. Be2 c5 7. c3 Be6 8. O-O Qb6 9. b3 Rc8 10. Nbd2 Nd5 11. Nc4 Qd8 12. Qd2 b5 13. Nb2 cxd4 14. cxd4 Nxf4 15. exf4 a6 16. Nd1 Nd7 17. Ne3 Nf6 18. Ng5 Bd7 19. Bf3 Bc6 20. d5 Bd7 21. Rac1 Qb6 22. Rfd1 Rxc1 23. Rxc1 Rc8 24. Rd1 Qc7 25. Ne4 Nxe4 26. Bxe4 Qc3 27. Qe2 Qf6 28. Qf3 Bh6 29. g3 Bxh3 30. g4 Qh4 31. Qg3 Qxg3+ 32. fxg3 Bg7 33. Kh2 Bxg4 34. Nxg4 f5 35. Bxf5 gxf5 36. Ne3 Kf7 37. Kg2 Kg6 38. Kf3 Bf6 39. Ke2 h5 40. Kf3 Rc3 41. Ke2 Bg7 42. Kd2 Rc5 43. Ke2 Bb2 44. Ng2 Bf6 45. Ne3 a5 46. Rd3 Rc8 47. Rd2 a4 48. bxa4 bxa4 49. Rc2 Rb8 50. Kd3 Rb1 51. Kc4 a3 52. Kd3 Ra1 53. Kc4 Bb2 54. Kb3 Bd4 55. Ng2 Bc5 56. Re2 Kf6 57. Re6+ Kf7 58. Re2 Rd1 59. Kc2 Rxd5 60. Nh4 Bd4 61. Nf3 Bf6 62. Re3 Rc5+ 63. Kb3 e5 64. fxe5 dxe5 65. Kb4 Be7 66. Ka4 e4 67. Ng1 Rc2 68. Ne2 Rxa2 69. Nf4 Rh2 70. Nd5 a2 71. Re1 0-1

[Event "Toronto int."]
[Site "Toronto CAN"]
[Date "1997.05.17"]
[Round "2"]
[White "Nash, Barry"]
[Black "Ruiz, Richard"]
[Result "1/2-1/2"]
[WhiteElo "2362"]
[BlackElo "2151"]
[PlyCount "67"]
[GameId "2160767911965991"]
[EventDate "1997.05.16"]
[EventType "swiss"]
[EventRounds "7"]
[EventCountry "CAN"]

1. d4 Nf6 2. c4 e6 3. Nc3 Bb4 4. Qc2 O-O 5. Nf3 d5 6. e3 c5 7. cxd5 Nxd5 8. a3 Qa5 9. Bd2 Bxc3 10. bxc3 Qc7 11. c4 Nf6 12. Bd3 cxd4 13. exd4 h6 14. O-O Nc6 15. Rfe1 Rd8 16. Qb2 b6 17. Rad1 Bb7 18. Bc3 Ne8 19. Qe2 Nf6 20. d5 exd5 21. Bxf6 gxf6 22. cxd5 Ne5 23. Nxe5 Qxe5 24. Qg4+ Qg5 25. Qxg5+ fxg5 26. d6 Kf8 27. Bf5 Re8 28. f3 Rxe1+ 29. Rxe1 Rd8 30. Rd1 Bc8 31. Be4 f5 32. Bc2 Kf7 33. Bb3+ Be6 34. Ba4 1/2-1/2

[Event "Toronto int."]
[Site "Toronto CAN"]
[Date "1997.05.17"]
[Round "2"]
[White "Ochkoos, Jura"]
[Black "Boross-Harmer, Peter"]
[Result "1/2-1/2"]
[WhiteElo "2360"]
[BlackElo "2044"]
[PlyCount "63"]
[GameId "2160767911965993"]
[EventDate "1997.05.16"]
[EventType "swiss"]
[EventRounds "7"]
[EventCountry "CAN"]

1. e4 c6 2. d4 d5 3. e5 Bf5 4. c4 e6 5. Nc3 Nd7 6. a3 dxc4 7. Bxc4 Nb6 8. Ba2 Ne7 9. Nge2 h6 10. O-O Qd7 11. Ng3 Rd8 12. Be3 Bh7 13. Qe2 Ned5 14. Nce4 Be7 15. Qg4 Bg6 16. Nh5 O-O 17. h4 Nxe3 18. fxe3 Nd5 19. Rf3 Nxe3 20. Rxe3 Qxd4 21. Rae1 Qxb2 22. Bb1 Rd4 23. Nxg7 Kxg7 24. h5 Bg5 25. hxg6 Bxe3+ 26. Rxe3 Qxb1+ 27. Kh2 Rxe4 28. Rxe4 fxg6 29. Rb4 Qf5 30. Rxb7+ Rf7 31. Rxf7+ Kxf7 32. Qd4 1/2-1/2

[Event "Toronto int."]
[Site "Toronto CAN"]
[Date "1997.05.17"]
[Round "2"]
[White "Schleifer, Michael"]
[Black "Hua, Lefong"]
[Result "1/2-1/2"]
[WhiteElo "2439"]
[BlackElo "2276"]
[PlyCount "79"]
[GameId "2160767911965994"]
[EventDate "1997.05.16"]
[EventType "swiss"]
[EventRounds "7"]
[EventCountry "CAN"]

1. Nf3 d6 2. d4 Nf6 3. Bg5 Ne4 4. Bh4 c5 5. Nbd2 Qa5 6. c3 Nxd2 7. Qxd2 cxd4 8. Nxd4 g6 9. e4 Bg7 10. Be2 Nc6 11. Nc2 O-O 12. O-O a6 13. a4 Be6 14. Ne3 Rac8 15. b4 Qe5 16. Rac1 Qxe4 17. f4 Bb3 18. Bg4 Rc7 19. Bg3 a5 20. Bf3 Qe6 21. Bd5 Bxd5 22. Nxd5 Rd7 23. b5 Nd8 24. Rfe1 Qg4 25. Rxe7 Rxe7 26. Nxe7+ Kh8 27. Qxd6 Ne6 28. Rd1 Bxc3 29. f5 Bb4 30. Qe5+ f6 31. Qa1 Bxe7 32. fxe6 Qxe6 33. Bf2 Qc4 34. Kh1 Rd8 35. Re1 Qb4 36. Bb6 Rd7 37. Bxa5 Qxa5 38. Rxe7 Rxe7 39. Qxf6+ Rg7 40. Qf8+ 1/2-1/2

[Event "Toronto int."]
[Site "Toronto CAN"]
[Date "1997.05.17"]
[Round "2"]
[White "Turtel, Evan"]
[Black "Spraggett, Grant"]
[Result "0-1"]
[WhiteElo "2111"]
[BlackElo "2432"]
[PlyCount "56"]
[GameId "2160767911965995"]
[EventDate "1997.05.16"]
[EventType "swiss"]
[EventRounds "7"]
[EventCountry "CAN"]

1. e4 c6 2. d4 d5 3. Nc3 dxe4 4. Nxe4 Nf6 5. Nxf6+ gxf6 6. Bf4 Bf5 7. Bc4 e6 8. Nf3 Nd7 9. O-O Nb6 10. Bb3 Bg4 11. Bg3 Bh6 12. Re1 O-O 13. c4 a5 14. Bc2 f5 15. h3 Bxf3 16. Qxf3 Nxc4 17. b3 Nb6 18. Re4 Qd5 19. Bh4 Nd7 20. Qg3+ Bg7 21. Re3 Kh8 22. Qf4 Qxd4 23. Qxd4 Bxd4 24. Rd1 c5 25. Rf3 f6 26. Re1 Ne5 27. Rfe3 Bxe3 28. Rxe3 Ng6 0-1

[Event "Toronto int."]
[Site "Toronto CAN"]
[Date "1997.05.17"]
[Round "2"]
[White "Ziatdinov, Raset"]
[Black "Mihaljevic, Josip"]
[Result "1-0"]
[WhiteElo "2485"]
[BlackElo "2370"]
[PlyCount "105"]
[GameId "2160767911965996"]
[EventDate "1997.05.16"]
[EventType "swiss"]
[EventRounds "7"]
[EventCountry "CAN"]

1. e4 c5 2. Nf3 e6 3. d4 cxd4 4. Nxd4 a6 5. Bd3 Nc6 6. Nxc6 bxc6 7. O-O d6 8. c4 e5 9. Nc3 Nf6 10. Bg5 Be7 11. c5 dxc5 12. Qc2 Nd7 13. Bxe7 Qxe7 14. Na4 a5 15. Rac1 Ba6 16. Bxa6 Rxa6 17. Rfd1 Nb8 18. Nxc5 Ra7 19. Rd3 O-O 20. Rcd1 Na6 21. Nxa6 Rxa6 22. Rd6 Qb7 23. Qc5 Raa8 24. b3 a4 25. b4 a3 26. Rxc6 Rab8 27. Rb1 Rfd8 28. g3 Rd2 29. Rc1 h6 30. Qxe5 Qxb4 31. Rc8+ Rd8 32. Qxb8 Qxb8 33. Rxb8 Rxb8 34. Rc3 Rb4 35. Re3 Kf8 36. Kg2 Ke7 37. Kf3 Ra4 38. Rd3 Ke6 39. Ke3 f5 40. exf5+ Kxf5 41. Kd2 g5 42. h3 h5 43. Kc3 Ke4 44. Re3+ Kd5 45. Kb3 Ra6 46. Rf3 Ke4 47. Rf8 Rd6 48. h4 Rd3+ 49. Kb4 gxh4 50. Rf4+ Ke5 51. Rxh4 Rf3 52. Rxh5+ Kf6 53. Rh4 1-0

[Event "Toronto int."]
[Site "Toronto CAN"]
[Date "1997.05.17"]
[Round "3"]
[White "Boross-Harmer, Peter"]
[Black "Findlay, Ian"]
[Result "0-1"]
[WhiteElo "2044"]
[BlackElo "2435"]
[PlyCount "74"]
[GameId "2160767911965997"]
[EventDate "1997.05.16"]
[EventType "swiss"]
[EventRounds "7"]
[EventCountry "CAN"]

1. e4 c5 2. Nc3 Nc6 3. Nge2 g6 4. g3 Bg7 5. Bg2 e6 6. d3 Nge7 7. O-O O-O 8. f4 d6 9. Be3 Nd4 10. Qd2 Rb8 11. Nd1 b6 12. c3 Nxe2+ 13. Qxe2 e5 14. Nf2 Be6 15. Rfd1 Rc8 16. Qe1 Re8 17. Kh1 d5 18. fxe5 d4 19. Bf4 Nc6 20. c4 Nxe5 21. Qd2 Qd7 22. b3 b5 23. Rdb1 Rb8 24. a3 Rb6 25. a4 bxa4 26. bxa4 Reb8 27. Rb5 a6 28. Rxb6 Rxb6 29. h4 Rb4 30. Qc2 Qb7 31. Nd1 Rb3 32. Bf1 Bg4 33. Ra2 Bxd1 34. Qxd1 Rb1 35. Qe2 Qb3 36. Kg2 Nxd3 37. Qc2 Ne1+ 0-1